The sky phantom (Record no. 8891)

MARC details
000 -LEADER
fixed length control field 00677nam a22002177a 4500
003 - CONTROL NUMBER IDENTIFIER
control field OSt
005 - DATE AND TIME OF LATEST TRANSACTION
control field 20260310234917.0
008 - FIXED-LENGTH DATA ELEMENTS--GENERAL INFORMATION
fixed length control field 260310b |||||||| |||| 00| 0 eng d
020 ## - INTERNATIONAL STANDARD BOOK NUMBER
International Standard Book Number 978-0-448-09553-0
040 ## - CATALOGING SOURCE
Original cataloging agency DWCL GS lib
Transcribing agency OC
082 ## - DEWEY DECIMAL CLASSIFICATION NUMBER
Edition number K26s 1976
100 ## - MAIN ENTRY--PERSONAL NAME
Personal name CAROLYN KEENE
245 ## - TITLE STATEMENT
Title The sky phantom
Statement of responsibility, etc. CAROLYN KEENE
260 ## - PUBLICATION, DISTRIBUTION, ETC.
Place of publication, distribution, etc. New York
Name of publisher, distributor, etc. Grosset & Dunlap
Date of publication, distribution, etc. 1976
300 ## - PHYSICAL DESCRIPTION
Extent vii, 180 pages:
Other physical details illustrations
Dimensions 19cm.
520 ## - SUMMARY, ETC.
Summary, etc. Nancy investigates a hijacked plane, a missing pilot, and a stolen horse while taking flying lessons in the Midwest.
546 ## - LANGUAGE NOTE
Language note English
650 ## - SUBJECT ADDED ENTRY--TOPICAL TERM
Source of heading or term Investigation,
650 ## - SUBJECT ADDED ENTRY--TOPICAL TERM
Source of heading or term Plot
942 ## - ADDED ENTRY ELEMENTS (KOHA)
Source of classification or shelving scheme Dewey Decimal Classification
Koha item type Fiction
Classification part Fic.
Suppress in OPAC No

No items available.